| 000 | 00506nam a2200181 a 4500 | ||
|---|---|---|---|
| 001 | 000047988 | ||
| 005 | 20201002060840.0 | ||
| 008 | 181010s1998 dr a 000 0 spa d | ||
| 020 | _a8492311347 | ||
| 040 |
_aDO-SdBNP _bspa _cBNPHU |
||
| 082 |
_axxxx _bM314L |
||
| 100 | 1 |
_aOzuna, Marcelino _924657 |
|
| 245 | 1 | 0 |
_aLeonel : _bsu historia / _cMarcelino Ozuna. |
| 250 | _a3ra. ed. | ||
| 260 |
_aSanto Domingo : _bAlfa & Omega, _c1998. |
||
| 300 |
_a173 p. : _bil. ; _c21 cm. |
||
| 590 | _aInventariado, 2018/BT | ||
| 999 |
_c47476 _d47476 |
||